00931nam a2200145 4500008001300000020001800013082001800031100001600049245001500065260007400080300003600154505048700190650006600677700004200743708.009 K64y a9788417047313 a708.009bK64y aKlein, Yves aYves Klein aCiudad de MéxicobMuseo Universitario de Arte Contemporáneoc2017 a328 p.bill (col)c22 x 16.5 cm tPresentaciónrJorge VolpitMi posición en el combate entre la línea y el colorrYves KleintLa evolución del arte hacia lo inmaterialrYves KleintManifiesto del Hotel ChelsearYves KleintLa utopía del entusiasmo de Yves KleinrKlaus OttmantYves Klein por Yves Klein por Yves Klein por daniela FrancorDaniela FrancotEl libro, la ficción, el cielorDaniela Saldaña ParístCronologíatExhibiciones individualestFilmografía selecta tBibliografíatCréditos xarte contemporáneoxarte - exhibicionesxarte - biografía aAlvarez Romero, Ekaterina (edición)